Top 10 Most Populous U.S. Cities Starting With F - Statistics

General Stats
  • This quiz has been taken 71 times
  • The average score is 6 of 10
Answer Stats
State Answer Population % Correct
Texas Fort Worth 995 k
98%
California Fresno 548 k
92%
Indiana Fort Wayne 271 k
89%
Florida Fort Lauderdale 185 k
76%
Colorado Fort Collins 169 k
63%
North Carolina Fayetteville 207 k
53%
California Fremont 218 k
53%
Texas Frisco 236 k
53%
California Fontana 216 k
40%
California Fullerton 140 k
29%
No matching quizzes found
Score Distribution
Percent of People with Each Score
Percentile by Number Answered
Your Score History
You have not taken this quiz